000 00660nam a2200277Ia 4500
005 20260324141320.0
008 008 260324s9999 xx 000 0 eng d
020 _a9781315846231
037 _aEBOOK
040 _aCRL
040 _beng
040 _cCRL
041 _2eng
041 _aeng
084 _qCRL
100 _aChris B. Jones
_91207737
245 0 _aGeographical Information Systems and Computer Cartography
260 _bTaylor and Francis
260 _c1997
365 _a
365 _b170
856 _uhttp://www.taylorfrancis.com/books/9781315846231
942 _cEBOOK
999 _c1810688
_d1810688